000 00274nam a22001337a 4500
008 210527b ||||| |||| 00| 0 eng d
041 _aeng
080 _a038
082 _a038
100 _a23
101 _aFJA
245 _aLaw Dictionary
_cJohn Burke
942 _2udc
_cBK
999 _c57738
_d57738